| 000 | 00632nac a22001811u 4500 | ||
|---|---|---|---|
| 008 | 110630s2004 nju|||||r|||| 001 0 eng d | ||
| 020 | _a0768912024 | ||
| 020 | _a9780768912029 | ||
| 082 |
_a650.076 _bMAR _222 |
||
| 100 |
_aMartinson, Thomas H. _925991 |
||
| 245 | 1 | 0 |
_aMaster the GMAT CAT 2004 / _cThomas H. Martinson. |
| 260 |
_aLawrenceville, NJ. : _bThomson Learning, 2004 _c2004. |
||
| 300 |
_a628 p. ; _c28 cm. + _e1 CD-ROM (4 3/4 in.) |
||
| 650 |
_aManagement _vStudy guides _925990 _xExaminations |
||
| 653 | _bBus | ||
| 650 |
_925992 _aGraduate Management Admission Test _vStudy guides |
||
| 942 |
_cBB _k650.076 M3867 _2ddc |
||
| 999 |
_c1268 _d1268 |
||